Представление документа в формате MARC21

Поле Инд. ПП Название Значение
Тип записи a
Библиографический уровень a
001 Контрольный номер b20390b585cd42a99d69224026a9d07c
005 Дата корректировки 20150619130225.2
020 a ISBN 978-5-88874-977-7
040 a Служба первич. каталог. НБ ТвГУ
b Код языка каталог. rus
e Правила каталог. PSBO
041 0_ a Код языка текста rus
097 b Оператор batjaeva_g
100 1_ a Автор Кергорд Эгиль
q Полное имя Кергорд Э.
245 10 a Заглавие Демократия как стиль жизни и мышления
260 a Место издания Калининград
b Издательство Российский государственный университет
520 0_ a Аннотация О различных моделях практики демократии среди молодежи. Представлена успешная модель молодежного влияния.
653 0_ a Ключевые слова Демократия
a Ключевые слова Молодежь
a Ключевые слова Демократическая молодежь
a Ключевые слова Демократические решения
a Ключевые слова Модель молодежного влияния
773 18 w Контрольный № источника RU/IS/BASE/311442419
t Название источника Современная стратегия развития российского образования и ее реализация в Калининградской области
d Место и дата издания Калининград : Российский государственный университет, 2009
g Прочая информация С. 32-35
901 t Тип документа a
920 a Оператор Батя